| 000 | 00476nam a2200157 i 4500 | ||
|---|---|---|---|
| 001 | 27381 | ||
| 003 | ES-MaACL | ||
| 005 | 20230906153616.0 | ||
| 007 | t| | ||
| 008 | 030114s1949 sp ||||1| spa d | ||
| 100 | 1 |
_aAzaola, José Miguel de ( _d1917-2007) _924229 |
|
| 245 | 1 | 0 |
_aEn busca de Europa / _cJosé Miguel de Azaola. |
| 260 |
_aBilbao : _bBarquín, _c1949 ( _eSan Sebastián : _fV. Echeverría) |
||
| 300 |
_a117 p. ; _c21 cm. |
||
| 852 |
_aES-MaACL _j1894-F-9 _bR.26858 |
||
| 999 |
_c27381 _d27381 |
||